000 03099nam0a2200349 4500
001 RU\NLR\BIBL_A\011765200
005 20241106132752.0
010 _a978-5-8156-0907-5
_9100
021 _aRU
_bКН-П-18-048768
_9КН-П-18-3522
035 _a(NLR Aleph) 011765200
035 _a(RuMoRGB)009678688
090 _a11697648
_c11697648
100 _a20180807d2017 u y0rusy50 ca
101 0 _arus
102 _aRU
105 _aa j 000zy
200 1 _aГлобальная экономическая безопасность
_eучебное пособие
_e[для студентов, обучающихся по специальности 38.05.01 - Экономическая безопасность, а также для бакалавров направлений подготовки в области государственного и муниципального управления и экономики]
_fМинистерство образования и науки Российской Федерации, Федеральное государственное бюджетное образовательное учреждение высшего образования "Национальный исследовательский Мордовский государственный университет имени Н. П. Огарёва", Экономический факультет, Кафедра теоретической экономики и экономической безопасности
_g[Кормишкин Е. Д., доктор экономических наук, профессор, Саушева О. С., кандидат экономических наук, доцент]
210 _aСаранск
_cМордовский государственный педагогический институт имени М. Е. Евсевьева, Редакционно-издательский центр
_d2017
215 _a151 с.
_cил., табл.
_d21
300 _aНа обл. авт.: Е. Д. Кормишкин, О. С. Саушева
320 _aБиблиогр.: с. 148-150 (41 назв.) и в подстроч. примеч.
606 1 _aЭкономическая безопасность
_jУчебные издания для высших учебных заведений
_91557922
_3RU\NLR\AUTH\66681123
686 1 _aУ5-971я73
702 1 _aКормишкин
_bЕ. Д.
_gЕвгений Данилович
_4220
702 1 _aСаушева
_bО. С.
_gОксана Сергеевна
_4220
712 0 2 _4570
_aНациональный исследовательский Мордовский государственный университет им. Н. П. Огарева
_bКафедра теоретической экономики и экономической безопасности
_cСаранск
_9621010
_3RU\NLR\AUTH\880480162
942 _cBOOK
980 _aNBR
980 _aNB